| 000 | 01046cam a22002651i 4500 | ||
|---|---|---|---|
| 003 | SA-RiAUC | ||
| 005 | 20241002141415.0 | ||
| 008 | 240928s1991 ua f f000 0 ara c | ||
| 020 | _a9770233501 | ||
| 040 |
_aJO-IrJUST _bara _cSA-RiAUC _erda |
||
| 082 | 0 | 4 |
_a410.2 _qSA-RiAUC |
| 090 |
_a410.2 _bع ب د |
||
| 100 | 1 |
_aعبد الرحمن، عائشة، _d1913-1998 _eمؤلف. |
|
| 245 | 1 | 0 |
_aلغتنا والحياة/ _cعائشة عبد الرحمن. |
| 250 | _aالطبعة الثانية. | ||
| 264 | 1 |
_aالقاهرة : _bدار المعارف، _c1991 |
|
| 300 |
_a215 صفحة ؛ _c24 سم |
||
| 336 |
_aنص _btxt _2rdacontent _3كتاب |
||
| 337 |
_aبدون وسيط _bn _2rdamedia |
||
| 338 |
_aمجلد _bnc _2rdacarrier |
||
| 520 | 0 | _aمجموعة محاضرات ألقيت على طلاب معهد البحوث والدراسات العربية بالقاهرة سنة 1969. | |
| 650 | 7 |
_aاللغة العربية _vمقالات ومحاضرات _2aucsh |
|
| 942 |
_2ddc _cBOOK _n0 |
||
| 949 |
_aSA-JeALM _d240928 _umohamedma123 _n1 |
||
| 999 |
_c804 _d804 |
||